01396nab a2200361 a 450000100060000000300080000600500170001400600190003100700150005000800410006502200140010603500210012004000260014105000220016708000080018908200120019710000360020922200440024524501450028926000820043430000140051631000140053036200260054453301640057065000440073465000380077865000450081665000430086165500320090471000190093685600620095599900170101735102FlNmELB20241216221317.0m o d | cr cn|||||||||201110r2004 mx |||||s|||||||||||spa d a1405-7107 a(OCoLC)955366881 aFlNmELBbspacFlNmELB 4aF1421bF6341 2004 a97004a9722221 aFlores Hernández, Benjamín. 0aCaleidoscopio (Aguascalientes. Impresa)13aLa Real Maestranza de Caballería de México:h[recurso electronico]buna institución frustrada (1790) /cBenjamín Flores Hernández. aAguascalientes (México) :bUniversidad Autónoma de Aguascalientes,c2004. a29-53 pp. aSemestral0 aVol. 8, No. 15(2004)- aRecurso electrónico. Santa Fe, Arg.: e-libro, 2015. Disponible vía World Wide Web. El acceso puede estar limitado para las bibliotecas afiliadas a e-libro. 4aHistoria.xAmérica latina.xMéxico. 4aHistory.xLatin america.xMexico. 4aHistoria.xEuropa.xEspaña y Portugal. 4aHistory.xEurope.xSpain and Portugal. 4aArtículos electrónicos.2 ae-libro, Corp.40uhttps://elibro.net/ereader/politecnicointernacional/19244 c35102d35102